Normal view
MARC view
Entry Topical Term
001 - CONTROL NUMBER
- control field: 23817
003 - CONTROL NUMBER IDENTIFIER
- control field: OSt
005 - DATE AND TIME OF LATEST TRANSACTION
- control field: 20131204154325.0
008 - FIXED-LENGTH DATA ELEMENTS
- fixed length control field: 131204|| aca||aabn | a|a d
040 ## - CATALOGING SOURCE
- Original cataloging agency: OSt
- Transcribing agency: OSt
600 ## -
- : Teaching
- : Religious aspects
- : Christianity.
670 ## - SOURCE DATA FOUND
- Source citation: Work cat.: (OSt)0: Hendricks, Howard G. 23814, Teaching to change lives /, c1987.
